000 01654cam a2200265 4500
008 031209n2003 000 0 eng u
020 _a0727731858
035 _a(Sirsi) u124578
041 _aeng
050 _a658.404
_c18
100 _aSmith, Nigel J.
245 _aAppraisal, risk and uncertainty
260 _aLondon
_bThomas Telford
_c2003
300 _axiii, 132p.
_c24cm
350 _a30
490 _aThomas Telford Construction Management Series
520 _aThe construction sector is coming under increasing pressure from clients demanding improved project performance as well as eliminating waste and errors from projects. The construction sector, therefore needs to acquire a greater understanding of practical project risk management. The increasing complexity of collaborative procurement methods and project financing, as well as existing problems in managing inherently risky projects to specification, on time and within budget, requires construction professionals to have a clear understanding not only of risk but also the wider implications of appraisal and uncertainty management. This book covers the basic terminology and the underpinning theory of risk management, the Institution of Civil Engineers and Faculty of Actuaries RAMP methodology, corporate risk, the Turnbull report and uncertainty management. Intended as a guide, it also includes bibliographies for further reading.
650 _aCONSTRUCTION SECTOR
650 _aMANAGEMENT-PROJECT MANAGEMENT
650 _aRISK MANAGEMENT
650 _aUNCERTAINTY
650 _aRISK ASSESSMENT
690 _aBUILDING AND CONSTRUCTION-PROJECTS
942 _n0
999 _c103250
_d103250